<?xml version="1.0" encoding="UTF-8"?><?xml-stylesheet type="text/xsl" href="static/style.xsl"?><OAI-PMH xmlns="http://www.openarchives.org/OAI/2.0/" xmlns:xsi="http://www.w3.org/2001/XMLSchema-instance" xsi:schemaLocation="http://www.openarchives.org/OAI/2.0/ http://www.openarchives.org/OAI/2.0/OAI-PMH.xsd"><responseDate>2026-04-17T14:37:36Z</responseDate><request verb="GetRecord" identifier="oai:www.recercat.cat:10230/60840" metadataPrefix="marc">https://recercat.cat/oai/request</request><GetRecord><record><header><identifier>oai:recercat.cat:10230/60840</identifier><datestamp>2025-12-17T20:24:23Z</datestamp><setSpec>com_2072_6</setSpec><setSpec>col_2072_452954</setSpec></header><metadata><record xmlns="http://www.loc.gov/MARC21/slim" xmlns:dcterms="http://purl.org/dc/terms/" xmlns:xsi="http://www.w3.org/2001/XMLSchema-instance" xmlns:doc="http://www.lyncode.com/xoai" xsi:schemaLocation="http://www.loc.gov/MARC21/slim http://www.loc.gov/standards/marcxml/schema/MARC21slim.xsd">
   <leader>00925njm 22002777a 4500</leader>
   <datafield ind2=" " ind1=" " tag="042">
      <subfield code="a">dc</subfield>
   </datafield>
   <datafield ind2=" " ind1=" " tag="720">
      <subfield code="a">Puig, Catalina</subfield>
      <subfield code="e">author</subfield>
   </datafield>
   <datafield ind2=" " ind1=" " tag="720">
      <subfield code="a">Muntada, Elsa</subfield>
      <subfield code="e">author</subfield>
   </datafield>
   <datafield ind2=" " ind1=" " tag="720">
      <subfield code="a">Oliver, Júlia</subfield>
      <subfield code="e">author</subfield>
   </datafield>
   <datafield ind2=" " ind1=" " tag="260">
      <subfield code="c">2024-07-25T14:30:49Z</subfield>
   </datafield>
   <datafield ind2=" " ind1=" " tag="260">
      <subfield code="c">2024-07-25T14:30:49Z</subfield>
   </datafield>
   <datafield ind2=" " ind1=" " tag="260">
      <subfield code="c">2024</subfield>
   </datafield>
   <datafield ind2=" " ind1=" " tag="520">
      <subfield code="a">Tutor: Albert Font Martí</subfield>
   </datafield>
   <datafield ind2=" " ind1=" " tag="520">
      <subfield code="a">Treball de fi de grau en Publicitat i Relacions Públiques</subfield>
   </datafield>
   <datafield ind2=" " ind1=" " tag="520">
      <subfield code="a">El posicionamiento de marca ha sido una temática recurrente en la carrera de Publicidad y&#xd;
Relaciones Públicas. Este trabajo de final de Grado tiene como objetivo realizar un rebranding del Catering Claradou, dado que, tras un análisis, se detectó una falta de identidad de marca y una comunicación poco coherente y eficaz. Para lograr este objetivo, se llevó a cabo una investigación que incluyó entrevistas en profundidad y encuestas a usuarios de catering, donde se encontró la necesidad de caterings totalmente personalizados. Además, se realizó una fase de estrategia en la&#xd;
que se definió el territorio de posicionamiento de la complicidad y una fase creativa, donde se llegó al concepto mediante la figura del huevo, que está relacionado con el nombre y logotipo, y además transmite cercanía y versatilidad. A partir de aquí, se desarrollaron diferentes propuestas aplicadas a soportes y medios de comunicación, consolidando así una nueva identidad coherente y alineada con las necesidades del mercado.</subfield>
   </datafield>
   <datafield ind2=" " ind1=" " tag="520">
      <subfield code="a">Brand positioning has been a recurring theme in the Advertising and Public Relations degree. This&#xd;
final degree project aims to rebrand Claradou Catering, given that, after an analysis, a lack of brand&#xd;
identity and inconsistent communication were detected. To achieve this goal, research was&#xd;
conducted that included in-depth interviews and surveys of catering users, revealing the need for&#xd;
fully personalized catering services. Additionally, a strategy phase was carried out to define the&#xd;
positioning territory of complicity and a creative phase where the concept was developed through&#xd;
the figure of the egg, which is related to the name and logo, and also conveys closeness and&#xd;
versatility. From here, different proposals were developed and applied to media and communication&#xd;
channels, thus consolidating a new coherent identity aligned with market needs.</subfield>
   </datafield>
   <datafield tag="653" ind2=" " ind1=" ">
      <subfield code="a">Serveis d&amp;apos;àpats</subfield>
   </datafield>
   <datafield ind2="0" ind1="0" tag="245">
      <subfield code="a">Rebranding del catering Claradou</subfield>
   </datafield>
</record></metadata></record></GetRecord></OAI-PMH>